| 000 | 00471nam a2200169 i 4500 | ||
|---|---|---|---|
| 001 | 92826 | ||
| 003 | ES-MaACL | ||
| 005 | 20230906181052.0 | ||
| 007 | t| | ||
| 008 | 050328s1978 sp ||||1| spa d | ||
| 100 | 1 |
_aLisón Tolosana, Carmelo. _972541 |
|
| 245 | 1 | 0 |
_aEnsayos de antropología social / _cCarmelo Lisón Tolosana. |
| 250 | _a2ª ed. ampliada. | ||
| 260 |
_aMadrid : _bAyuso, _c1978. |
||
| 300 |
_a286 p. ; _c20 cm. |
||
| 852 |
_aES-MaACL _jA-10028 _bR.98660 |
||
| 999 |
_c92826 _d92826 |
||